[Event "VI Festival B"]
[Site "Amantea ITA"]
[Date "2008.08.31"]
[Round "1"]
[White "Altomonte, Giuseppe"]
[Black "Galasso, Luciano"]
[Result "0-1"]
[WhiteElo "1779"]
[BlackElo "1548"]
[PlyCount "105"]
[EventDate "2008.08.31"]

1. d4 Nf6 2. c4 g6 3. Nf3 d6 4. Nc3 Bg7 5. e3 O-O 6. Bd3 Bg4 7. h3 Bc8 8. Qc2
Nbd7 9. O-O Re8 10. e4 e5 11. Be3 Nh5 12. Qd2 Nf8 13. d5 f5 14. Bg5 Bf6 15.
Bxf6 Qxf6 16. Qh6 f4 17. Rac1 Re7 18. Ng5 Qg7 19. Qxg7+ Rxg7 20. Be2 a6 21. Kh2
Nf6 22. Nf3 g5 23. Ng1 h5 24. g3 Ng6 25. Rc2 Bd7 26. b4 Rf8 27. c5 fxg3+ 28.
fxg3 h4 29. g4 Nf4 30. Bf3 Nd3 31. cxd6 cxd6 32. Be2 Nf4 33. Rfc1 Nxe2 34. Rxe2
Rgf7 35. Kg2 Ne8 36. Nd1 Bb5 37. Rec2 Rf4 38. Ne2 Rxe4 39. Nec3 Rxb4 40. Nxb5
Rxb5 41. Ne3 b6 42. Rc6 Rc5 43. R1xc5 bxc5 44. Nf5 Rf6 45. Rxa6 Nc7 46. Rxd6
Rxd6 47. Nxd6 Nxd5 48. Ne4 c4 49. Kf3 Kg7 50. Nxg5 Kg6 51. Ne4 c3 52. Nc5 c2
53. Nd3 0-1

[Event "VI Festival B"]
[Site "Amantea ITA"]
[Date "2008.08.31"]
[Round "1"]
[White "Berardi, Emiliano"]
[Black "Alagia, Pietro"]
[Result "1-0"]
[WhiteElo "1440"]
[BlackElo "1706"]
[PlyCount "33"]
[EventDate "2008.08.31"]

1. e4 e6 2. d4 c6 3. Nf3 Be7 4. Be2 Nf6 5. e5 Ne4 6. O-O d5 7. Re1 c5 8. Bd3
cxd4 9. Bxe4 dxe4 10. Rxe4 Nc6 11. Nxd4 Bc5 12. c3 f5 13. exf6 e5 14. fxg7 Rg8
15. Qh5+ Kd7 16. Qf7+ Kd6 17. Nb5# 1-0

[Event "VI Festival B"]
[Site "Amantea ITA"]
[Date "2008.08.31"]
[Round "1"]
[White "Caporale, Giuseppe Guido"]
[Black "Scalise, Sandro"]
[Result "1-0"]
[WhiteElo "1820"]
[BlackElo "1571"]
[PlyCount "53"]
[EventDate "2008.08.31"]

1. e4 Nf6 2. e5 Nd5 3. Nc3 Nxc3 4. dxc3 e6 5. Nf3 d6 6. Bf4 Nc6 7. Bb5 a6 8.
Bxc6+ bxc6 9. Qd2 Be7 10. O-O O-O 11. Rfe1 d5 12. Be3 a5 13. Nd4 Bb7 14. Nb3
Qb8 15. Bc5 Bxc5 16. Nxc5 Bc8 17. Rab1 Qb5 18. Qd4 a4 19. b4 Ba6 20. a3 Rfd8
21. Rbd1 Qb8 22. Re3 h6 23. Qf4 Re8 24. Rg3 Re7 25. Qxh6 Qf8 26. Qf6 g6 27. Rh3
1-0

[Event "VI Festival B"]
[Site "Amantea ITA"]
[Date "2008.08.31"]
[Round "1"]
[White "Carrozza, Gregorio"]
[Black "Ielapi, Vito"]
[Result "1-0"]
[WhiteElo "1580"]
[BlackElo "1890"]
[PlyCount "79"]
[EventDate "2008.08.31"]

1. e4 d5 2. exd5 Qxd5 3. Nc3 Qd6 4. d4 a6 5. h3 Nf6 6. Nf3 Nbd7 7. Be3 b5 8.
Qd2 e6 9. a3 Bb7 10. Be2 Be7 11. O-O O-O 12. Rfd1 Rfd8 13. Ne1 Nf8 14. Bf4 Qb6
15. Be3 Qd6 16. b4 Ng6 17. Bf3 c6 18. Nd3 Qc7 19. Nc5 Nh4 20. Qe2 a5 21. g3 Nf5
22. Kg2 axb4 23. axb4 Rxa1 24. Rxa1 Nxd4 25. Bxd4 Rxd4 26. Nxb5 cxb5 27. Nxb7
Rxb4 28. Ra8+ Bf8 29. Qd2 Rc4 30. g4 Nd7 31. Qg5 Ne5 32. Qe3 Nxf3 33. Qxf3 Rxc2
34. Nd8 Qe7 35. h4 Rd2 36. Nc6 Qd6 37. Rd8 Rd3 38. Rxd6 Rxf3 39. Rd8 Rc3 40.
Ne7+ 1-0

[Event "VI Festival B"]
[Site "Amantea ITA"]
[Date "2008.08.31"]
[Round "1"]
[White "Chiappetta, Dario"]
[Black "Fittante, Enrico"]
[Result "1-0"]
[WhiteElo "1745"]
[BlackElo "1518"]
[PlyCount "61"]
[EventDate "2008.08.31"]

1. e4 e5 2. Nf3 Nc6 3. Nc3 Nf6 4. Bb5 d6 5. d4 Bd7 6. Bg5 Be7 7. Qd2 exd4 8.
Nxd4 Nxd4 9. Bxd7+ Qxd7 10. Qxd4 a6 11. O-O-O Qg4 12. Be3 O-O 13. f3 Qe6 14. g4
c5 15. Qd2 b5 16. g5 Nh5 17. Nd5 Rab8 18. Nxe7+ Qxe7 19. Qxd6 Qxd6 20. Rxd6 c4
21. Rxa6 g6 22. Rd1 Ng7 23. a3 Ne6 24. h4 Rfc8 25. Ra7 Nf8 26. Bd2 Rd8 27. Bc3
Rxd1+ 28. Kxd1 Ne6 29. Be5 Rb6 30. Ra8+ Nf8 31. Bc3 1-0

[Event "VI Festival B"]
[Site "Amantea ITA"]
[Date "2008.08.31"]
[Round "1"]
[White "Costabile, Vincenzo"]
[Black "Russo, Carmelo"]
[Result "0-1"]
[WhiteElo "1536"]
[BlackElo "1748"]
[PlyCount "92"]
[EventDate "2008.08.31"]

1. e4 c6 2. d4 d5 3. e5 Bf5 4. Nf3 e6 5. Be2 Nd7 6. O-O c5 7. c3 Ne7 8. Qb3 Qc7
9. Bg5 a6 10. a4 c4 11. Qd1 Qb6 12. Qd2 h6 13. a5 Qc7 14. Bxe7 Bxe7 15. Na3 O-O
16. Nc2 Nb8 17. Ne3 Bh7 18. b4 cxb3 19. c4 Be4 20. cxd5 Bxd5 21. Nxd5 exd5 22.
Rfc1 Nc6 23. Qb2 Qd8 24. Qxb3 Nxa5 25. Qc3 Nc6 26. Rab1 Qd7 27. Rb2 Rfc8 28.
Qb3 b5 29. Rbc2 Bd8 30. Qa3 Be7 31. Qa2 Nb4 32. Rxc8+ Rxc8 33. Rxc8+ Qxc8 34.
Qd2 Qc6 35. Nh4 a5 36. Nf5 Bf8 37. Qe3 Nc2 38. Qg3 b4 39. Bb5 Qc3 40. Nxh6+ Kh7
41. Bd3+ g6 42. Nxf7 Qe1+ 43. Bf1 Be7 44. Qh3+ Kg7 45. Qe6 Nxd4 46. Qg4 Qe4 0-1

[Event "VI Festival B"]
[Site "Amantea ITA"]
[Date "2008.08.31"]
[Round "1"]
[White "De Caro, Nicola"]
[Black "Carlomagno, Vincenzo"]
[Result "1-0"]
[WhiteElo "1635"]
[BlackElo "1422"]
[PlyCount "65"]
[EventDate "2008.08.31"]

1. d4 Nf6 2. c4 e6 3. Nf3 b6 4. a3 Bb7 5. Nc3 d5 6. cxd5 exd5 7. Qc2 Be7 8. Bf4
a6 9. Rc1 Bd6 10. Bxd6 Qxd6 11. e3 O-O 12. Bd3 h6 13. Ne5 Nbd7 14. f4 Qe7 15.
O-O Nxe5 16. fxe5 Ng4 17. Rf3 Qg5 18. Qe2 c5 19. Rg3 h5 20. Qe1 cxd4 21. exd4
Qf4 22. Ne2 Qh6 23. h3 Ne3 24. Qf2 Nc4 25. Bxc4 dxc4 26. Rxc4 Rac8 27. Rcc3 Qd2
28. Nf4 Qd1+ 29. Kh2 Rxc3 30. Rxc3 g5 31. Qg3 g4 32. Nxh5 Kh8 33. Nf6 1-0

[Event "VI Festival B"]
[Site "Amantea ITA"]
[Date "2008.08.31"]
[Round "1"]
[White "Gad, Alessandro"]
[Black "Cannataro, Luciano"]
[Result "1/2-1/2"]
[WhiteElo "1548"]
[BlackElo "1795"]
[PlyCount "63"]
[EventDate "2008.08.31"]

1. c4 Nf6 2. Nc3 e6 3. g3 c5 4. Bg2 Nc6 5. e3 Be7 6. Nge2 Ne5 7. d3 O-O 8. O-O
d5 9. cxd5 exd5 10. d4 cxd4 11. Nxd4 Nc6 12. h3 Nxd4 13. Qxd4 Be6 14. b3 Ne4
15. Bb2 Bf6 16. Qd3 Rc8 17. Rac1 Qd7 18. Kh2 Ng5 19. h4 Ne4 20. Nxe4 Bxb2 21.
Ng5 Bf5 22. e4 Bxc1 23. exf5 Bxg5 24. hxg5 d4 25. f6 Rc3 26. Qe4 Re8 27. Qh4 d3
28. Be4 Rxe4 29. Qxe4 d2 30. Rd1 Rc1 31. Rxd2 Qc8 32. Qxb7 1/2-1/2

[Event "VI Festival B"]
[Site "Amantea ITA"]
[Date "2008.08.31"]
[Round "1"]
[White "Grudina, Marco"]
[Black "Mileo, Miguelito"]
[Result "1-0"]
[WhiteElo "1897"]
[BlackElo "1617"]
[PlyCount "89"]
[EventDate "2008.08.31"]

1. e4 c6 2. d4 d5 3. Nc3 dxe4 4. Nxe4 Bf5 5. Ng3 Bg6 6. h4 h6 7. Nf3 Nd7 8. h5
Bh7 9. Bd3 Bxd3 10. Qxd3 e6 11. Bf4 Qa5+ 12. Bd2 Qc7 13. O-O-O Bd6 14. Ne4 f5
15. Nxd6+ Qxd6 16. g3 O-O-O 17. Bf4 Qe7 18. Rhe1 Qf8 19. Qb3 Ngf6 20. Nh4 Nd5
21. Ng6 Qf6 22. Be5 Nxe5 23. dxe5 Qg5+ 24. f4 Qxh5 25. Nxh8 Rxh8 26. Qd3 Qf7
27. Qd4 b6 28. c4 c5 29. Qd2 Nb4 30. a3 Nc6 31. Qc3 Nd4 32. b4 Qb7 33. Kb1 Rd8
34. Ka2 Kc7 35. Rb1 Qc6 36. bxc5 Qxc5 37. Qb4 Qxb4 38. axb4 Nc2 39. Re2 Nd4 40.
Rd2 Nc6 41. Rxd8 Nxd8 42. Rd1 Nc6 43. Kb3 Nd8 44. Rd6 Nf7 45. Rxe6 1-0

[Event "VI Festival B"]
[Site "Amantea ITA"]
[Date "2008.08.31"]
[Round "1"]
[White "Ielapi, Gianbattista"]
[Black "Mazzuca, Aldo"]
[Result "1-0"]
[WhiteElo "1686"]
[BlackElo "1425"]
[PlyCount "77"]
[EventDate "2008.08.31"]

1. d4 d5 2. Nf3 Nf6 3. e3 Bg4 4. c4 e6 5. Qb3 b6 6. Ne5 Be7 7. cxd5 exd5 8.
Bb5+ Kf8 9. Nc3 a6 10. Nxg4 Nxg4 11. Be2 Nf6 12. Bf3 c6 13. Bd2 b5 14. O-O g6
15. Rfe1 Kg7 16. e4 dxe4 17. Nxe4 Nxe4 18. Rxe4 Bf6 19. Rae1 Bxd4 20. Rxd4 Qb6
21. Re7 Rf8 22. Bc3 Kg8 23. Rf4 Ra7 24. Rxa7 Qxa7 25. Qd1 Qc7 26. Qd4 f6 27.
Rxf6 Qd7 28. Rxf8+ Kxf8 29. Qh8+ Ke7 30. Qxh7+ Kd6 31. Qxg6+ Kc7 32. Qg7 Kb6
33. Qxd7 Nxd7 34. b4 c5 35. bxc5+ Nxc5 36. Bd4 b4 37. Bxc5+ Kxc5 38. Bd1 Kd4
39. h4 1-0

[Event "VI Festival B"]
[Site "Amantea ITA"]
[Date "2008.08.31"]
[Round "1"]
[White "Levato, Biagio"]
[Black "Rametta, Marcello"]
[Result "0-1"]
[WhiteElo "1501"]
[BlackElo "1723"]
[PlyCount "82"]
[EventDate "2008.08.31"]

1. e4 c5 2. Nf3 Nc6 3. d3 e6 4. g3 a6 5. Bg2 b5 6. Nbd2 Bb7 7. O-O Nf6 8. Re1
d5 9. exd5 Nxd5 10. c4 Nc7 11. Qe2 Be7 12. Ne4 O-O 13. h4 Rb8 14. Bf4 f6 15.
Rad1 e5 16. Be3 Nd4 17. Nxd4 cxd4 18. Bd2 bxc4 19. dxc4 Bxe4 20. Bxe4 Rxb2 21.
Qd3 Rxa2 22. c5 Kh8 23. Bxh7 Bxc5 24. Qg6 Qe8 25. Qf5 Nd5 26. Bg6 Rf7 27. Qh5+
Kg8 28. Qh7+ Kf8 29. Qh8+ Ke7 30. Rxe5+ fxe5 31. Bg5+ Nf6 32. Qxe8+ Kxe8 33.
Rc1 Nd7 34. h5 Kf8 35. Bxf7 Kxf7 36. g4 d3 37. Bh4 Rc2 38. Rd1 e4 39. Kf1 Ne5
40. Bg3 Nxg4 41. f3 Ne3+ 0-1

[Event "VI Festival B"]
[Site "Amantea ITA"]
[Date "2008.08.31"]
[Round "1"]
[White "Nicoletta, Oscare"]
[Black "Moscarelli, Giacomo"]
[Result "0-1"]
[WhiteElo "1419"]
[BlackElo "1634"]
[PlyCount "74"]
[EventDate "2008.08.31"]

1. e3 c5 2. d3 Nc6 3. Nf3 e5 4. e4 d6 5. Nc3 Nf6 6. Bg5 Be7 7. Bxf6 Bxf6 8. Nd5
Bg4 9. Be2 Bxf3 10. Bxf3 Nd4 11. c3 Ne6 12. Bg4 O-O 13. O-O Nc7 14. Qb3 Nxd5
15. Qxd5 Qc7 16. Rac1 Qb6 17. b3 Rfd8 18. c4 Rab8 19. g3 Qb4 20. f4 Qd2 21. a4
exf4 22. gxf4 Bd4+ 23. Kh1 Qxd3 24. f5 Qe3 25. Bh5 Rf8 26. Qxd6 Qxe4+ 27. Bf3
Qe5 28. Qd7 Rfd8 29. Qd5 Rxd5 30. Bxd5 b6 31. Rce1 Qf6 32. Re2 h6 33. Rfe1 Rf8
34. Re8 Rxe8 35. Rxe8+ Kh7 36. Be4 Qg5 37. Bg2 Qc1+ 0-1

[Event "VI Festival B"]
[Site "Amantea ITA"]
[Date "2008.08.31"]
[Round "1"]
[White "Sansosti, Simona"]
[Black "Bellisario, Carlo"]
[Result "0-1"]
[WhiteElo "1425"]
[BlackElo "1673"]
[PlyCount "56"]
[EventDate "2008.08.31"]

1. d4 Nf6 2. Nf3 d5 3. Nbd2 e6 4. e3 Nbd7 5. Bd3 b6 6. O-O Be7 7. Re1 Bb7 8. c3
O-O 9. h3 Ne4 10. Bb1 f5 11. Qe2 c5 12. c4 Ndf6 13. Ne5 Qc7 14. f3 Ng3 15. Qd3
Bd6 16. f4 Bxe5 17. dxe5 Nfe4 18. Nf1 dxc4 19. Qxc4 Bd5 20. Qc2 Qc6 21. Nxg3
Nxg3 22. b3 Be4 23. Qb2 Rad8 24. Bxe4 Nxe4 25. Qc2 Rd7 26. Bb2 Rfd8 27. Qc4 Rd2
28. Rab1 Rxg2+ 0-1

[Event "VI Festival B"]
[Site "Amantea ITA"]
[Date "2008.08.31"]
[Round "1"]
[White "Scerra, Ezio"]
[Black "Carbone, Stefano"]
[Result "0-1"]
[WhiteElo "1359"]
[BlackElo "1620"]
[PlyCount "116"]
[EventDate "2008.08.31"]

1. c4 g6 2. Nc3 Bg7 3. g3 d6 4. Bg2 e5 5. d3 Ne7 6. Nf3 O-O 7. Bg5 h6 8. Bxe7
Qxe7 9. Ne4 f5 10. Nc3 c6 11. O-O Be6 12. b3 e4 13. Nh4 Qf6 14. dxe4 Qxc3 15.
Nxg6 Rd8 16. exf5 Bf7 17. Rc1 Qd4 18. Qxd4 Bxd4 19. Rcd1 Bxg6 20. fxg6 Bc5 21.
h4 Nd7 22. h5 Rf8 23. Bh3 Ne5 24. Kg2 Rad8 25. f4 Nd7 26. Be6+ Kg7 27. Bf7 Nf6
28. Rh1 Rd7 29. Be6 Re7 30. f5 Ne4 31. Rde1 Ng5 32. Rhf1 Bd4 33. c5 d5 34. e3
Bf6 35. g4 Nxe6 36. fxe6 Rxe6 37. Rf4 Bg5 38. Rxf8 Kxf8 39. Rf1+ Rf6 40. Rxf6+
Bxf6 41. Kf3 Be5 42. g5 Kg7 43. Kg4 Bb2 44. gxh6+ Kxh6 45. e4 dxe4 46. Kf4 e3
47. Kxe3 Kxh5 48. a4 Kxg6 49. Ke4 a5 50. Ke3 Kf5 51. Kd3 Ke5 52. Kc4 Ba3 53. b4
Bxb4 54. Kb3 Bxc5 55. Kc3 Kd5 56. Kb3 Kd4 57. Kc2 b5 58. Kb3 Kd3 0-1

[Event "VI Festival B"]
[Site "Amantea ITA"]
[Date "2008.08.31"]
[Round "1"]
[White "Vatta, Marino"]
[Black "Nicoletta, Adamo"]
[Result "1-0"]
[WhiteElo "1634"]
[BlackElo "1413"]
[PlyCount "69"]
[EventDate "2008.08.31"]

1. d4 d5 2. c4 Nf6 3. Nc3 e6 4. Nf3 dxc4 5. Qa4+ c6 6. Qxc4 b5 7. Qd3 Bd6 8. e4
Bb4 9. a3 Bxc3+ 10. bxc3 Ba6 11. Qc2 Nbd7 12. e5 Nd5 13. Bd3 g6 14. O-O O-O 15.
a4 Qa5 16. Bd2 Rab8 17. axb5 Qb6 18. Rxa6 Qb7 19. bxc6 Qc7 20. cxd7 Qxd7 21.
Rfa1 Rb7 22. Ng5 Rc8 23. Qd1 Nc7 24. Ne4 Kg7 25. Nc5 Qd5 26. Be4 Qc4 27. Nxb7
Nxa6 28. Nd6 Qc7 29. Nxc8 Qxc8 30. Bd3 Nc7 31. Rxa7 Nd5 32. Qf3 Qe8 33. c4 Ne7
34. Bg5 h6 35. Bf6+ 1-0

[Event "VI Festival B"]
[Site "Amantea ITA"]
[Date "2008.09.01"]
[Round "2"]
[White "Alagia, Pietro"]
[Black "Gad, Alessandro"]
[Result "0-1"]
[WhiteElo "1706"]
[BlackElo "1548"]
[PlyCount "60"]
[EventDate "2008.08.31"]

1. d4 Nf6 2. Nf3 e6 3. Nc3 d5 4. b3 Bd6 5. Nb5 O-O 6. Bg5 Nbd7 7. e3 Bb4+ 8. c3
Ba5 9. b4 Bb6 10. c4 a6 11. cxd5 axb5 12. dxe6 fxe6 13. Bxb5 c6 14. Bc4 Qe8 15.
Qc2 Kh8 16. Qb3 e5 17. O-O Bc7 18. dxe5 Ng4 19. Bf4 Ndxe5 20. Nxe5 Bxe5 21.
Rae1 Bf5 22. h3 Nf6 23. g4 Qg6 24. Bxe5 Bxg4 25. Kh2 Bxh3 26. Rg1 Ng4+ 27. Rxg4
Qxg4 28. Bxg7+ Qxg7 29. Bf1 Bxf1 30. Rxf1 Rg8 0-1

[Event "VI Festival B"]
[Site "Amantea ITA"]
[Date "2008.09.01"]
[Round "2"]
[White "Alo', Lucio"]
[Black "Ielapi, Gianbattista"]
[Result "1/2-1/2"]
[WhiteElo "1454"]
[BlackElo "1686"]
[PlyCount "59"]
[EventDate "2008.08.31"]

1. Nf3 d5 2. d4 Nf6 3. Bf4 e6 4. e3 c5 5. Be2 Nc6 6. dxc5 Bxc5 7. O-O O-O 8.
Bg5 h6 9. Bh4 Be7 10. Nc3 Nh7 11. Bxe7 Qxe7 12. Bb5 Qb4 13. Rb1 a6 14. a3 Qd6
15. Ba4 Nf6 16. e4 Rd8 17. Bxc6 Qxc6 18. e5 Ne8 19. Nd4 Qc7 20. f4 f6 21. Qg4
fxe5 22. Nxe6 Qb6+ 23. Rf2 Bxe6 24. f5 Nf6 25. Qf3 Rf8 26. fxe6 Ne4 27. Nxd5
Qa7 28. Ne7+ Kh8 29. Ng6+ Kg8 30. Ne7+ 1/2-1/2

[Event "VI Festival B"]
[Site "Amantea ITA"]
[Date "2008.09.01"]
[Round "2"]
[White "Bellisario, Carlo"]
[Black "Lorenzotti, Fabrizio"]
[Result "1/2-1/2"]
[WhiteElo "1673"]
[BlackElo "1712"]
[PlyCount "74"]
[EventDate "2008.08.31"]

1. e4 c5 2. Nf3 Nc6 3. d4 cxd4 4. Nxd4 e6 5. Be3 a6 6. Nc3 Qc7 7. a3 Nf6 8. Be2
Be7 9. O-O O-O 10. f4 d6 11. Nxc6 bxc6 12. Qe1 Bb7 13. Qg3 e5 14. fxe5 dxe5 15.
Bh6 g6 16. Bxf8 Bxf8 17. Kh1 Kg7 18. Rad1 Re8 19. Bf3 Qa5 20. Rd3 Qc7 21. Rfd1
a5 22. Qf2 Ba6 23. R3d2 Bc4 24. Na4 Be6 25. Nc5 Bc8 26. b4 axb4 27. axb4 Qb8
28. c3 Qb5 29. Ra1 Qc4 30. Qe3 Qb5 31. Be2 Qb8 32. Rda2 Bxc5 33. bxc5 Be6 34.
c4 Qb4 35. Ra4 Qb2 36. R4a2 Qb4 37. Ra4 Qb2 1/2-1/2

[Event "VI Festival B"]
[Site "Amantea ITA"]
[Date "2008.09.01"]
[Round "2"]
[White "Berardi, Emiliano"]
[Black "Carrozza, Gregorio"]
[Result "0-1"]
[WhiteElo "1440"]
[BlackElo "1580"]
[PlyCount "92"]
[EventDate "2008.08.31"]

1. e4 e5 2. Nf3 Nc6 3. Bb5 Nf6 4. O-O a6 5. Ba4 Be7 6. Re1 b5 7. Bb3 O-O 8. c3
d6 9. h3 Na5 10. Bc2 Bb7 11. d4 Nc6 12. Nbd2 exd4 13. cxd4 Re8 14. Nf1 h6 15.
Ng3 Bf8 16. d5 Ne5 17. b3 g6 18. Bb2 Bg7 19. Nxe5 dxe5 20. Rc1 h5 21. Bd3 Bh6
22. Rc2 Rc8 23. Qe2 Qd7 24. Qf3 Kg7 25. Bc1 Bxc1 26. Rexc1 c6 27. dxc6 Bxc6 28.
Rc5 h4 29. Ne2 Qb7 30. Nc3 Nd7 31. Nd5 Bxd5 32. Rxc8 Rxc8 33. Rxc8 Qxc8 34.
exd5 Qc1+ 35. Kh2 Qf4+ 36. Qxf4 exf4 37. g3 fxg3+ 38. fxg3 Kf6 39. Be4 Ke5 40.
Bf3 hxg3+ 41. Kxg3 Nf6 42. h4 Nxd5 43. Bxd5 Kxd5 44. Kf4 f6 45. a3 Kd4 46. b4
Kd3 0-1

[Event "VI Festival B"]
[Site "Amantea ITA"]
[Date "2008.09.01"]
[Round "2"]
[White "Cannataro, Luciano"]
[Black "Ielapi, Vito"]
[Result "0-1"]
[WhiteElo "1795"]
[BlackElo "1890"]
[PlyCount "66"]
[EventDate "2008.08.31"]

1. d4 Nf6 2. c4 e6 3. Nf3 d5 4. Bg5 Nbd7 5. Nc3 c6 6. e3 Bd6 7. c5 Bc7 8. Bd3
b6 9. b4 e5 10. dxe5 Nxe5 11. Nxe5 Bxe5 12. Rc1 bxc5 13. f4 Bxc3+ 14. Rxc3 c4
15. Bc2 Qd6 16. Rxc4 h6 17. Bxf6 Qxf6 18. Rxc6 Qe7 19. Qd4 O-O 20. O-O Bb7 21.
Rxh6 gxh6 22. Rf3 f5 23. Rg3+ Kh7 24. Rh3 Qg7 25. Qd1 d4 26. Rg3 Qf6 27. exd4
Rg8 28. Rxg8 Rxg8 29. g3 Rd8 30. g4 Qxd4+ 31. Qxd4 Rxd4 32. Bxf5+ Kg7 33. a4
Rxb4 0-1

[Event "VI Festival B"]
[Site "Amantea ITA"]
[Date "2008.09.01"]
[Round "2"]
[White "Carbone, Stefano"]
[Black "Caporale, Giuseppe Guido"]
[Result "0-1"]
[WhiteElo "1620"]
[BlackElo "1820"]
[PlyCount "82"]
[EventDate "2008.08.31"]

1. e4 d5 2. exd5 Qxd5 3. Nc3 Qd6 4. d4 Nf6 5. Nf3 a6 6. Be2 Nc6 7. h3 Bf5 8. a3
O-O-O 9. Be3 e6 10. Qd2 Qe7 11. O-O-O h6 12. Bd3 Bxd3 13. Qxd3 g5 14. Qc4 Nd5
15. Nxd5 Rxd5 16. Rd3 Bg7 17. Rhd1 Rhd8 18. Kb1 R8d6 19. c3 b5 20. Qb3 Na5 21.
Qc2 Nc4 22. Nd2 Rb6 23. Ne4 Bf8 24. Nc5 e5 25. Bc1 e4 26. Rg3 f5 27. h4 gxh4
28. Rh3 Qf6 29. b4 Bd6 30. Qe2 Bxc5 31. bxc5 Re6 32. Qh5 Qd8 33. Qxh4 Qd7 34.
Rdh1 b4 35. cxb4 Rxd4 36. Rb3 Rd3 37. Rh3 Nd2+ 38. Bxd2 Rxd2 39. Qf4 Qd4 40.
Rhe3 Rd1+ 41. Kc2 Qd2# 0-1

[Event "VI Festival B"]
[Site "Amantea ITA"]
[Date "2008.09.01"]
[Round "2"]
[White "Fittante, Enrico"]
[Black "Altomonte, Giuseppe"]
[Result "0-1"]
[WhiteElo "1518"]
[BlackElo "1779"]
[PlyCount "91"]
[EventDate "2008.08.31"]

1. d4 d5 2. c4 e6 3. e3 Nf6 4. Nc3 Be7 5. Nf3 O-O 6. Bd3 dxc4 7. Bxc4 Nbd7 8.
O-O a6 9. a3 b5 10. Ba2 Bb7 11. b4 a5 12. bxa5 Rxa5 13. Bb3 b4 14. Na4 bxa3 15.
Bxa3 Bxa3 16. Rxa3 Qa8 17. Ra1 Qa7 18. Nc3 Bxf3 19. gxf3 Ra8 20. Rxa5 Qxa5 21.
Qc2 Qh5 22. Qd1 Ra5 23. Ne4 Nxe4 24. fxe4 Rg5+ 25. Kh1 Qh3 26. Rg1 Rxg1+ 27.
Qxg1 Nf6 28. Bc2 Qf3+ 29. Qg2 Qe2 30. e5 Nd5 31. Bb3 Qe1+ 32. Qg1 Qa5 33. Bxd5
Qxd5+ 34. Qg2 Kf8 35. Qxd5 exd5 36. Kg2 Ke7 37. Kf3 Ke6 38. e4 c5 39. Ke3 c4
40. exd5+ Kxd5 41. f4 g6 42. h3 c3 43. Kd3 c2 44. Kxc2 Kxd4 45. e6 fxe6 46. Kd2
0-1

[Event "VI Festival B"]
[Site "Amantea ITA"]
[Date "2008.09.01"]
[Round "2"]
[White "Mazzuca, Aldo"]
[Black "Levato, Biagio"]
[Result "0-1"]
[WhiteElo "1425"]
[BlackElo "1501"]
[PlyCount "110"]
[EventDate "2008.08.31"]

1. e4 c5 2. Nc3 Nc6 3. Bc4 e6 4. a3 a6 5. d3 Qc7 6. Nge2 Nf6 7. h3 b5 8. Ba2
Bb7 9. Bf4 e5 10. Bg3 Rd8 11. Qd2 Ne7 12. f4 d6 13. f5 d5 14. exd5 Nfxd5 15.
Nxd5 Bxd5 16. Bxd5 Nxf5 17. Be4 Nxg3 18. Nxg3 g6 19. Rf1 Bg7 20. O-O-O O-O 21.
Ne2 f5 22. Bxf5 gxf5 23. Qg5 Qf7 24. Kb1 Rd6 25. Ng3 Rg6 26. Qe3 f4 27. Qxc5
Rxg3 28. Rd2 Qe6 29. Re2 Rc8 30. Qb4 Qc6 31. Qb3+ Kh8 32. Rf3 Rxg2 33. Rxg2
Qxf3 34. Qe6 Qc6 35. Qg4 Rg8 36. h4 Qa8 37. h5 f3 38. Rf2 Rf8 39. Qe6 Re8 40.
Qf5 e4 41. dxe4 Qxe4 42. Rxf3 Qxf5 43. Rxf5 Re5 44. Rxe5 Bxe5 45. b3 Kg7 46.
Kc1 Kh6 47. Kd1 Kxh5 48. Ke2 Kg4 49. Kf1 Kg3 50. Kg1 h5 51. a4 bxa4 52. bxa4
Kf3 53. c4 Ke4 54. c5 Kd5 55. Kg2 h4 0-1

[Event "VI Festival B"]
[Site "Amantea ITA"]
[Date "2008.09.01"]
[Round "2"]
[White "Moscarelli, Giacomo"]
[Black "Grudina, Marco"]
[Result "0-1"]
[WhiteElo "1634"]
[BlackElo "1897"]
[PlyCount "154"]
[EventDate "2008.08.31"]

1. d4 d5 2. e3 Nf6 3. f4 e6 4. Nf3 c5 5. c3 Bd6 6. Bd3 O-O 7. O-O Nbd7 8. Qe2
b6 9. Ne5 Bb7 10. Rf3 Ne4 11. Nd2 Ndf6 12. Rf1 a5 13. Rd1 Qc8 14. Nxe4 dxe4 15.
Bb5 Rd8 16. Bd2 Qc7 17. Be1 Nd5 18. Bg3 Qe7 19. Nc6 Bxc6 20. Bxc6 Rac8 21. Ba4
Qc7 22. Bh4 Be7 23. Bxe7 Nxe7 24. Bc2 f5 25. Bb3 Nd5 26. a3 c4 27. Ba2 b5 28.
Rac1 a4 29. Re1 Qf7 30. Rc2 Qg6 31. Kh1 Kh8 32. Rg1 Rg8 33. g4 Qf7 34. gxf5
exf5 35. Qe1 Qh5 36. Rg3 Rc6 37. Rcg2 Rh6 38. Qg1 Qf7 39. Bb1 Nf6 40. Bc2 Nh5
41. Rg5 g6 42. Bd1 Nf6 43. Qf2 Nd5 44. Be2 Rh3 45. R5g3 Rh6 46. Rg1 Qf6 47. Bf1
Qh4 48. R1g2 Nf6 49. Rg5 Qxf2 50. Rxf2 Ng4 51. Re2 Rh4 52. Rd2 h6 53. Rxg4 Rxg4
54. d5 Rd8 55. d6 Rh4 56. Rd5 Kg7 57. d7 Kf6 58. Rxb5 Rxd7 59. Rb6+ Kf7 60.
Bxc4+ Kg7 61. Be2 Rh3 62. Bb5 Rd2 63. Rb7+ Kf8 64. Rb8+ Ke7 65. Rb7+ Kd8 66.
Rg7 Rhxh2+ 67. Kg1 Rhg2+ 68. Kh1 Rxb2 69. Bxa4 Rgd2 70. Rxg6 Rb1+ 71. Rg1 Rxg1+
72. Kxg1 Rd3 73. Bb5 Rxe3 74. a4 Rxc3 75. Bf1 Ra3 76. Bb5 Ke7 77. Kg2 Kd6 0-1

[Event "VI Festival B"]
[Site "Amantea ITA"]
[Date "2008.09.01"]
[Round "2"]
[White "Nicoletta, Adamo"]
[Black "Scerra, Ezio"]
[Result "1-0"]
[WhiteElo "1413"]
[BlackElo "1359"]
[PlyCount "57"]
[EventDate "2008.08.31"]

1. e4 e5 2. Nf3 Nc6 3. d4 exd4 4. Nxd4 Qe7 5. Nc3 Nxd4 6. Qxd4 c5 7. Qe3 Qe5 8.
Bc4 Nf6 9. O-O Ng4 10. Qf4 Qxf4 11. Bxf4 d6 12. Rad1 Ne5 13. Bb5+ Bd7 14. Bxd7+
Nxd7 15. Bxd6 Nf6 16. e5 Ng4 17. Rd5 O-O-O 18. Rxc5+ Kd7 19. Rc7+ Ke6 20. Re1
g6 21. Rxb7 Bg7 22. Re7+ Kf5 23. Rxf7+ Bf6 24. exf6 Rxd6 25. Rxa7 Nxf6 26. Ra5+
Kg4 27. f3+ Kf4 28. Ne4 Nxe4 29. Rxe4# 1-0

[Event "VI Festival B"]
[Site "Amantea ITA"]
[Date "2008.09.01"]
[Round "2"]
[White "Rametta, Marcello"]
[Black "Vatta, Marino"]
[Result "1-0"]
[WhiteElo "1723"]
[BlackElo "1634"]
[PlyCount "55"]
[EventDate "2008.08.31"]

1. e4 e5 2. Bc4 Nf6 3. d3 d6 4. h3 Nc6 5. c3 Be7 6. Nf3 h6 7. Be3 a6 8. Bb3 Na5
9. Bc2 c5 10. Nbd2 Nc6 11. Qe2 Be6 12. a3 O-O 13. d4 exd4 14. cxd4 cxd4 15.
Nxd4 Nxd4 16. Bxd4 Nd7 17. Qd3 Ne5 18. Qe3 Rc8 19. Bc3 Bf6 20. O-O Nc4 21. Nxc4
Bxc4 22. Rfd1 Bxc3 23. bxc3 Qe7 24. Rd4 b5 25. Rad1 Rcd8 26. Qg3 d5 27. exd5
Qxa3 28. Rg4 1-0

[Event "VI Festival B"]
[Site "Amantea ITA"]
[Date "2008.09.01"]
[Round "2"]
[White "Russo, Carmelo"]
[Black "De Caro, Nicola"]
[Result "1-0"]
[WhiteElo "1748"]
[BlackElo "1635"]
[PlyCount "71"]
[EventDate "2008.08.31"]

1. d4 Nf6 2. c4 g6 3. Nc3 Bg7 4. e4 d6 5. Bg5 O-O 6. Qd2 c5 7. Nf3 Nbd7 8. Bh6
Bxh6 9. Qxh6 cxd4 10. Nxd4 Qb6 11. Qd2 Nc5 12. f3 Bd7 13. Be2 a6 14. O-O-O Rfc8
15. g4 e5 16. Nc2 d5 17. exd5 a5 18. h4 a4 19. Kb1 a3 20. Na1 Ra5 21. Qc2 h5
22. Rhg1 Qa7 23. b4 Qb6 24. b5 Kh8 25. Nb3 Nxb3 26. Qxb3 Qe3 27. Rg2 e4 28.
Nxe4 Qf4 29. Ng5 Be8 30. Qb4 Raa8 31. Qf8+ Ng8 32. Nh3 Qf6 33. Qb4 Bxb5 34. Qb3
Bxc4 35. Bxc4 Rxc4 36. Qxc4 1-0

[Event "VI Festival B"]
[Site "Amantea ITA"]
[Date "2008.09.01"]
[Round "2"]
[White "Scalise, Sandro"]
[Black "Mileo, Miguelito"]
[Result "1/2-1/2"]
[WhiteElo "1571"]
[BlackElo "1617"]
[PlyCount "50"]
[EventDate "2008.08.31"]

1. d4 d5 2. Nc3 c6 3. Bg5 Bf5 4. f3 Nd7 5. e4 dxe4 6. fxe4 Bg6 7. Nf3 Ngf6 8.
e5 Nd5 9. Nxd5 cxd5 10. c4 h6 11. Bd2 Be4 12. cxd5 Bxd5 13. Bd3 e6 14. O-O Be7
15. b3 Qb6 16. Be3 f5 17. Rc1 Qa5 18. Qe2 a6 19. Bc4 Nb6 20. Bf2 g5 21. Be1 Bb4
22. Bxb4 Qxb4 23. Bxd5 Nxd5 24. Rc4 Qe7 25. Rfc1 O-O 1/2-1/2